Statistiques concernant Pièces de théâtre de Molière

Cliquez ici pour prendre le quiz!

Statistiques générales

  • Ce quiz a été pris 191 fois
  • Le résultat moyen est 11 sur 33

Statistiques - réponses

HintRéponse% Correct
1673Le Malade imaginaire
89%
1668L'Avare
82%
1670Le Bourgeois gentilhomme
72%
1662L'Ecole des femmes
72%
1671Les Fourberies de Scapin
72%
1666Le Médecin malgré lui
70%
1664Le Tartuffe
63%
1665Dom Juan
61%
1666Le Misanthrope
60%
1672Les Femmes savantes
59%
1659Les Précieuses ridicules
55%
?Le Médecin volant
29%
1661L'Ecole des maris
26%
1663La Critique de l'Ecole des femmes
24%
1668Georges Dandin
21%
1665L'Amour Médecin
21%
1668Amphitryon
19%
1663L'Impromptu de Versailles
15%
1664Le Mariage forcé
14%
1671Psyché
13%
?La Jalousie du Barbouillé
11%
1664La Princesse d'Elide
11%
1661Les Fâcheux
11%
1669Monsieur de Pourceaugnac
11%
1670Les Amants magnifiques
10%
1671La Comtesse d'Escarbagnas
9%
1667Le Sicilien ou l'Amour peintre
9%
1654L'Etourdi
9%
1660Sganarelle ou le Cocu imaginaire
9%
1667Pastorale comique
8%
1661Dom Garcie de Navarre
7%
1656Le Dépit amoureux
7%
1666Mélicerte
7%

Distribution des résultats

Percentile par nombre de réponses

% des personnes avec chaque résultat

Votre développement - résultats

Vous n’avez pas pris ce quiz